| 000 | 01115nam a2200313 4500 | ||
|---|---|---|---|
| 001 | 0000023986 | ||
| 003 | CO-CtgCURN | ||
| 005 | 20250331184440.0 | ||
| 007 | ta | ||
| 008 | 160627s2013 000 0 eng d | ||
| 020 | _a9789587670332 | ||
| 040 |
_aCO-CtgCURN _bspa _ccoctgcurn |
||
| 082 | 0 |
_a346..861 _bC718co |
|
| 110 | 2 | _aColombia. | |
| 245 | 1 | 0 | _aCódigo civil. |
| 250 | _a30a ed. | ||
| 260 |
_aBogotá : _bLegis, _c2013. |
||
| 300 | _a847 p. | ||
| 336 | _2rdacontent | ||
| 337 |
_2rdamedia _asin mediacion _bn |
||
| 338 |
_2rdacarrier _avolumen _bnc |
||
| 490 | 1 | _aCódigos basicos | |
| 500 | _aIncluye abreviaturas utilizadas, indice general e indice alfabetico. | ||
| 505 | 8 | _aDe las personas -- De los bienes y de su dominio, posesion, uso y goce -- De la sucesion por causa de muerte y de las donaciones entre vivos -- De las obligaciones en general y de los contratos -- Suplemento | |
| 650 | 1 | 4 |
_aDerecho civil _vLegislacion _zColombia. |
| 908 | _a160627 | ||
| 942 |
_cBK _h346..861 _iC718co _2ddc |
||
| 999 |
_c19958 _d19958 |
||